|
|
|
|
| LEADER |
00614nam a2200169Ia 4500 |
| 008 |
140316s9999 xx 000 0 und d |
| 020 |
|
|
|a 90 5538 026 1
|
| 082 |
|
|
|a 307.1412
|b PIE/TE
|
| 100 |
|
|
|a Piek Hannah
|
| 245 |
|
|
|a Technology development in rural industries : a study of China`s collectives
|
| 260 |
|
|
|b Intermediate Technology Publications
|c 1998
|
| 300 |
|
|
|a 273
|
| 650 |
|
|
|a Innovation Theory
|
| 650 |
|
|
|a Labour decisions
|
| 942 |
|
|
|2 ddc
|c BK
|
| 999 |
|
|
|c 3358
|d 3358
|
| 952 |
|
|
|0 0
|1 0
|2 ddc
|4 0
|6 307_141200000000000_PIETE
|7 0
|9 3871
|a KAUCLV
|b KAUCLV
|c GENERAL
|d 2014-03-18
|o 307.1412 PIE/TE
|p 208162
|r 2014-03-18
|w 2014-03-18
|y BK
|